000 00595nam a2200241Ia 4500
003 OSt
005 20220926041853.0
006 a|||||r|||| 00| 0
007 ta
008 220923b |||||||| |||| 00| 0 eng d
037 _cGeneral Book
040 _aRTL
_cRTL
_beng
041 _2eng
_aeng
082 _aX9(D):97D.73.N5, J7
110 _aNICB
245 0 _aUnionization among American engineers
260 _c1957
300 _a72p
_ccm.
650 _aEngineering
_92968
700 _aNICB
942 _hX9(D):97D.73.N5, J7
_cGB
_2CC
999 _c668259
_d668259